000 01021nam a2200205Ia 4500
999 _c40875
_d40875
001 7519
003 GE_BSU
005 20200109150600.0
008 181216s2012||||ge |||||||||||||| ||geo||
020 _a19877684
040 _cGE_BSU
041 _ageo
080 _a316(051) ს-74
245 _aსოციალურ მეცნიერებათა საკითხები :
_b N 4. შრომების კრებული /
_cრედ. ირაკლი მანველიძე.
264 _aთბილისი :
_bუნივერსალი,
_c2012.
300 _a257გვ. ;
_b20 სმ.
700 _aმანველიძე, ირაკლი
_eრედაქტორი
_92014
710 _aბათუმის შოთა რუსთაველის სახ.უნ-ტი
_bსოციალურ მეცნ.ბიზნესისა და სამართალმცოდნეობის დეპარტამენტი
_96050
942 _cBK
_2udc